Grokking Deep Reinforcement Learning (Record no. 591199)
[ view plain ]
| 000 -LEADER | |
|---|---|
| fixed length control field | 00388nam a22001337a 4500 |
| 020 ## - INTERNATIONAL STANDARD BOOK NUMBER | |
| International Standard Book Number | 9781617295454 |
| 040 ## - CATALOGING SOURCE | |
| Transcribing agency | NUST |
| 082 ## - DEWEY DECIMAL CLASSIFICATION NUMBER | |
| Classification number | 006.3 MOR |
| 100 ## - MAIN ENTRY--PERSONAL NAME | |
| Personal name | Morales, Miguel |
| 9 (RLIN) | 97898 |
| 245 ## - TITLE STATEMENT | |
| Title | Grokking Deep Reinforcement Learning |
| 260 ## - PUBLICATION, DISTRIBUTION, ETC. | |
| Place of publication, distribution, etc. | Shelter Island; |
| Name of publisher, distributor, etc. | Manning, |
| Date of publication, distribution, etc. | 2020. |
| 650 ## - SUBJECT ADDED ENTRY--TOPICAL TERM | |
| Topical term or geographic name entry element | Artificial intelligence. Computer programming. Python.NUSTTB2022 |
| 9 (RLIN) | 102804 |
| 942 ## - ADDED ENTRY ELEMENTS (KOHA) | |
| Source of classification or shelving scheme | |
| Koha item type | Book |
| Withdrawn status | Lost status | Source of classification or shelving scheme | Damaged status | Not for loan | Permanent Location | Current Location | Shelving location | Date acquired | Total Checkouts | Full call number | Barcode | Date last seen | Price effective from | Koha item type |
|---|---|---|---|---|---|---|---|---|---|---|---|---|---|---|
| College of Electrical & Mechanical Engineering (CEME) | College of Electrical & Mechanical Engineering (CEME) | General Stacks | 08/18/2022 | 006.3 MOR | CEME-50817 | 08/18/2022 | 08/18/2022 | Book | ||||||
| College of Electrical & Mechanical Engineering (CEME) | College of Electrical & Mechanical Engineering (CEME) | General Stacks | 12/05/2022 | 280 SCB | CEME-50817-A | 12/05/2022 | 12/05/2022 | Book |
